[Event "8th Asian Continental Women"]
[Site "Subic Bay PHI"]
[Date "2009.05.20"]
[Round "8"]
[White "Li Panru"]
[Black "Perena,C"]
[Result "0-1"]
[WhiteElo "2146"]
[BlackElo "2184"]

1.d4 d5 2.c4 c6 3.Nf3 Nf6 4.e3 e6 5.Nc3 Nbd7 6.Bd3 dxc4 7.Bxc4 b5 8.Bd3 Bb7
9.e4 b4 10.Na4 Be7 11.O-O c5 12.e5 Nd5 13.Nxc5 Nxc5 14.dxc5 Bxc5 15.Qa4+ Kf8
16.Bg5 Qb6 17.Rac1 h6 18.Bd2 g6 19.h4 Kg7 20.Rc4 Rac8 21.Rg4 Rhd8 22.Qd1 h5
23.Rg3 Ne3 24.Bxe3 Bxe3 25.Ne1 Bf4 26.Rh3 Bxe5 27.Qe2 Bf6 28.Nc2 Qc6 29.Ne3 Rd4
30.Bb5 Qc5 31.Ba6 Bxa6 32.Qxa6 Rxh4 33.Rxh4 Bxh4 34.b3 Bg5 35.Nc4 Bf6 36.Qb7 Rc7
37.Qb8 Bd4 38.Qd8 Rc8 39.Qd7 Rc7 40.Qd8 Bf6 41.Qb8 Rd7 42.Re1 Bc3 43.Rc1 Bd4
44.Rc2 Bxf2+ 45.Kf1 Rd1+ 46.Ke2 Re1+ 47.Kf3 Qf5+ 48.Qf4 Qxc2  0-1

[Event "18th CRO-Cup"]
[Site "Sibenik CRO"]
[Date "2009.05.21"]
[Round "2"]
[White "Ramesa,D"]
[Black "Truta,S"]
[Result "1-0"]
[WhiteElo "2332"]
[BlackElo "2195"]

1.Nf3 Nf6 2.c4 c6 3.d4 d5 4.Nc3 e6 5.e3 Nbd7 6.Qc2 Bd6 7.g4 h6 8.Bd2 dxc4
9.Bxc4 b5 10.Be2 Bb7 11.g5 b4 12.gxf6 bxc3 13.Bxc3 Nxf6 14.Rg1 O-O 15.O-O-O Nd5
16.e4 Nxc3 17.Qxc3 Qf6 18.e5 Qf4+ 19.Nd2 Be7 20.Rg4 Qxf2 21.Rdg1 g5 22.Ne4 Qxh2
23.Nxg5 Bxg5+ 24.Rxg5+ Kh8 25.Qf3 f6 26.Rg8+  1-0

[Event "8th Asian Continental Open"]
[Site "Subic Bay PHI"]
[Date "2009.05.21"]
[Round "9"]
[White "Megaranto,S"]
[Black "Yu Yangyi"]
[Result "0-1"]
[WhiteElo "2553"]
[BlackElo "2433"]

1.d4 d5 2.Nf3 Nf6 3.c4 c6 4.Nc3 e6 5.e3 Nbd7 6.Qc2 Bd6 7.b3 O-O 8.Be2 e5
9.Bb2 Re8 10.O-O-O e4 11.Nd2 Nf8 12.Kb1 Bg4 13.h3 Bxe2 14.Nxe2 b5 15.c5 Bc7
16.a3 N6d7 17.g4 Ng6 18.Ng3 Bxg3 19.fxg3 Qg5 20.Qc3 Ne7 21.Rdf1 Nf8 22.Rf4 Ne6
23.Nf1 Qg6 24.Rf2 a5 25.Qc2 a4 26.b4 Rf8 27.Nh2 Qh6 28.Qc1 Qxh3 29.g5 Qh5
30.Nf3 Qg6 31.Ne5 Qxg5 32.Rfh2 f6 33.Rh5 Qxg3 34.R1h3 Qxh3 35.Rxh3 fxe5 36.Qh1 h6
37.dxe5 Kh7 38.Rh5 Rf5 39.Qh4 Re8 40.Ka2 Rxh5 41.Qxh5 Rf8 42.Qh4 Nf5 43.Qg4 g5
44.Bc1 Nfg7 45.Qg2 Rf3 46.Bd2 Kg6 47.Kb2 Nf5 48.Kc1 h5 49.Qg1 h4 50.Qg4 Rg3  0-1

[Event "8th Asian Continental Women"]
[Site "Subic Bay PHI"]
[Date "2009.05.21"]
[Round "9"]
[White "Perena,C"]
[Black "Cua,Sheri"]
[Result "0-1"]
[WhiteElo "2184"]
[BlackElo "2143"]

1.d4 d5 2.c4 e6 3.Nc3 Nf6 4.Nf3 c6 5.e3 Nbd7 6.Bd3 Bd6 7.O-O O-O 8.e4 dxc4
9.Bxc4 e5 10.Bg5 h6 11.Bh4 b5 12.Bxf6 Qxf6 13.Be2 a6 14.Qd2 Rd8 15.Rfd1 Bb7
16.Rac1 Rac8 17.a3 c5 18.d5 Nb6 19.Rf1 c4 20.Nd1 Na4 21.Qc2 Nc5 22.Nd2 Bb8
23.Ne3 Ba7 24.Ng4 Qe7 25.Qc3 Re8 26.Qg3 Qg5 27.Qc3 Na4 28.Qc2 c3 29.Nc4 cxb2
30.Rcd1 bxc4 31.Qxa4 c3 32.d6 Bc6 33.Qc2 Bd4 34.Ne3 Bxe3 35.d7 Bxd7 36.Rxd7 Bd2
37.Qb3 c2 38.Rxf7 Kh8  0-1

[Event "27th Liechtenstein Open"]
[Site "Triesen LIE"]
[Date "2009.05.21"]
[Round "7"]
[White "Tiemann,C"]
[Black "Schmidlechner,A"]
[Result "1-0"]
[WhiteElo "2083"]
[BlackElo "2196"]

1.Nf3 d5 2.c4 c6 3.e3 Nf6 4.Nc3 e6 5.d4 Nbd7 6.Qc2 Bd6 7.g4 dxc4 8.Bxc4 e5
9.g5 Nd5 10.Bd2 O-O 11.Bd3 g6 12.Ne4 Nb4 13.Qb3 Nxd3+ 14.Qxd3 Qe7 15.O-O-O exd4
16.Qxd4 Bc5 17.Nxc5 Qxc5+ 18.Bc3 Qxd4 19.Rxd4 Nb6 20.h4 Be6 21.h5 Bd5 22.Rh3 Rae8
23.Nd2 Be6 24.Ne4 f6 25.Rh2 fxg5 26.hxg6 h5 27.Rxh5 Kg7 28.Rd1+ Kxg6 29.Rxg5+  1-0

[Event "84th ch-ARG"]
[Site "La Plata ARG"]
[Date "2009.05.22"]
[Round "11"]
[White "Mareco,S"]
[Black "Valerga,D"]
[Result "1/2-1/2"]
[WhiteElo "2503"]
[BlackElo "2523"]

1.d4 d5 2.c4 e6 3.Nc3 c6 4.Nf3 Nf6 5.e3 a6 6.c5 b6 7.cxb6 Nbd7 8.Bd3 c5 9.O-O Qxb6
10.Bd2 c4 11.Bc2 Bb7 12.b3 cxb3 13.Bxb3 Bd6 14.Rb1 Qa7 15.Qe2 O-O 16.Bc2 Rfc8
17.Bd3 Ne4 18.Rb3 Bc6 19.Rfb1 Rc7 20.Be1 f5 21.Qb2 h6 22.Nd2 Nxc3 23.Rxc3 Bb5
24.Bxb5 axb5 25.Rxc7 Qxc7 26.Nf3 Qc4 27.Qxb5  1/2-1/2

[Event "8th Asian Continental Open"]
[Site "Subic Bay PHI"]
[Date "2009.05.22"]
[Round "10"]
[White "Kazhgaleyev,M"]
[Black "Nolte,R"]
[Result "1-0"]
[WhiteElo "2626"]
[BlackElo "2479"]

1.d4 d5 2.c4 c6 3.Nc3 Nf6 4.e3 e6 5.Nf3 Nbd7 6.Bd3 dxc4 7.Bxc4 b5 8.Bd3 Bb7
9.e4 b4 10.Na4 c5 11.e5 Nd5 12.O-O cxd4 13.Nxd4 Nxe5 14.Bb5+ Nd7 15.Re1 Rc8
16.Qh5 g6 17.Qh3 Be7 18.Bh6 a6 19.Bf1 N7f6 20.Rad1 Rg8 21.Bg5 Qa5 22.b3 Nc3
23.Nxe6 Nxd1 24.Bxf6 Qf5 25.Ng7+ Rxg7 26.Rxe7+ Kf8 27.Qxf5 gxf5 28.Rxb7 Rg6
29.Be7+ Kg7 30.Bxb4 Rc2 31.Bc5 Re6 32.Rd7 Re1 33.g3 Rc1 34.Bb4 Re2 35.a3 Kg6
36.Kg2 Re5 37.Bxa6 h5 38.Nc5 Nb2 39.Rd2 Rb1 40.Nd7 Re4 41.Rd6+ Kg7 42.Bc3+  1-0

[Event "8th Asian Continental Open"]
[Site "Subic Bay PHI"]
[Date "2009.05.22"]
[Round "10"]
[White "Bui Vinh"]
[Black "Zhang Ziyang"]
[Result "1-0"]
[WhiteElo "2522"]
[BlackElo "2419"]

1.d4 d5 2.c4 c6 3.Nc3 Nf6 4.e3 e6 5.Nf3 a6 6.Qc2 c5 7.dxc5 Bxc5 8.a3 O-O
9.b4 Be7 10.cxd5 exd5 11.Bb2 Nc6 12.Rd1 Be6 13.Be2 Qc7 14.O-O Rac8 15.Qb1 Rfd8
16.h3 d4 17.exd4 Nd5 18.Nxd5 Bxd5 19.Ne5 Bf6 20.Bg4 Rb8 21.Rfe1 Qd6 22.Bf3 Ne7
23.Be4 Bxe4 24.Qxe4 Nd5 25.Ng4 Rbc8 26.Rc1 Rxc1 27.Rxc1 Qd7 28.Rc5 b6 29.Rc1 Bg5
30.Ne5 Qa4 31.Qc2 Qxc2 32.Rxc2 Kf8 33.g3 Be7 34.Ng4 Bf6 35.Kg2 h5 36.Ne3 Ne7
37.Rc7 b5 38.Kf3 g6 39.Ke4 Re8 40.Kd3 Rd8 41.Bc3 Ke8 42.Ke4 Bg7 43.Rc5 Rc8
44.g4 hxg4 45.hxg4 Kd7 46.g5 Re8 47.Kd3 Rc8 48.d5 Bf8 49.Ng4 Rxc5 50.Nf6+ Kc8
51.bxc5 Bg7 52.Ke4 Nf5 53.d6 Bxf6 54.Bxf6  1-0

[Event "27th Liechtenstein Open"]
[Site "Triesen LIE"]
[Date "2009.05.22"]
[Round "8"]
[White "Foisor,O"]
[Black "Hommeles,T"]
[Result "1/2-1/2"]
[WhiteElo "2408"]
[BlackElo "2415"]

1.d4 d5 2.c4 c6 3.e3 Nf6 4.Nc3 e6 5.Nf3 Nbd7 6.Qc2 Bd6 7.b3 O-O 8.Be2 Qe7
9.O-O dxc4 10.bxc4 e5 11.a4 Re8  1/2-1/2

[Event "VI Muhamedzjanov Mem"]
[Site "Naberezhnye Chelny RUS"]
[Date "2009.05.23"]
[Round "4"]
[White "Akhmadeev,Vad"]
[Black "Alavkin,A"]
[Result "1-0"]
[WhiteElo "2419"]
[BlackElo "2460"]

1.d4 d5 2.c4 c6 3.Nc3 Nf6 4.e3 e6 5.Nf3 Nbd7 6.Qc2 Bd6 7.e4 Nxe4 8.Nxe4 dxe4
9.Qxe4 Bb4+ 10.Bd2 Bxd2+ 11.Nxd2 c5 12.dxc5 O-O 13.Qe3 Qa5 14.c6 bxc6 15.Be2 Rb8
16.b3 e5 17.O-O Nf6 18.Bf3 Qc7 19.Qc5 Rb6 20.Rfd1 Bf5 21.Nf1 Be4 22.Bxe4 Nxe4
23.Qe3 f5 24.Ng3 Nxg3 25.hxg3 Rbb8 26.Rd2 Rbe8 27.Rad1 f4 28.gxf4 exf4 29.Qf3 Rf6
30.Re2 Rfe6 31.Rxe6 Rxe6 32.Qg4 Qe5 33.Qf3 Rd6 34.Rxd6 Qxd6 35.b4 g5 36.b5 cxb5
37.cxb5 Qd4 38.Qh5 Qa1+ 39.Kh2 Qe5 40.Qf3 Qd4 41.a4 Kg7 42.a5 Kf6 43.Qc6+ Kf5
44.f3 Qf2 45.Qe4+ Kf6 46.Qb1 h5 47.b6 g4 48.bxa7 Qh4+ 49.Kg1 g3 50.Qb6+ Kf5
51.a8=Q  1-0

[Event "VI Moncada Open"]
[Site "Santiago de Cuba CUB"]
[Date "2009.05.23"]
[Round "7"]
[White "Comez Ledo,R"]
[Black "Larduet Despaigne,C"]
[Result "1-0"]
[WhiteElo "2398"]
[BlackElo "2350"]

1.d4 d5 2.c4 c6 3.Nc3 Nf6 4.e3 e6 5.Nf3 Nbd7 6.Qc2 Bd6 7.b3 O-O 8.Be2 b6
9.O-O Bb7 10.Bb2 Rc8 11.e4 dxe4 12.Nxe4 Nxe4 13.Qxe4 Nf6 14.Qh4 c5 15.Rad1 Qe7
16.Rfe1 cxd4 17.Nxd4 Bb4 18.Bd3 Bxe1 19.Bxh7+ Kh8 20.Bd3+ Kg8 21.Rxe1 Rfd8
22.Re3 Qb4 23.Rh3 Qe1+ 24.Bf1 Kf8 25.Re3 Qb1 26.Nxe6+ fxe6 27.Bxf6  1-0

[Event "18th CRO-Cup"]
[Site "Sibenik CRO"]
[Date "2009.05.23"]
[Round "4"]
[White "Jankovic,A"]
[Black "Ribli,Z"]
[Result "1/2-1/2"]
[WhiteElo "2540"]
[BlackElo "2577"]

1.d4 d5 2.c4 c6 3.Nc3 Nf6 4.e3 e6 5.Nf3 Nbd7 6.Qc2 Bd6 7.Bd3 O-O 8.O-O dxc4
9.Bxc4 a6 10.a4 c5 11.Rd1 cxd4 12.exd4 Qc7 13.Qe2 b6 14.Bg5 Bb7 15.d5 exd5
16.Nxd5 Nxd5 17.Bxd5 Bxd5 18.Rxd5 Nc5 19.Rad1 Rfe8 20.Qc2 Ne6 21.Qd3 Bf4
22.Rd7 Qc5 23.Bxf4 Nxf4 24.Qb3 Ne6 25.g3 Rad8 26.Rxd8 Rxd8 27.Rxd8+ Nxd8
28.Qd3 Ne6 29.Qxa6 Qc1+ 30.Kg2 Qxb2 31.Qa8+ Nf8 32.Qd5 Qc2 33.Ne5 Qc7 34.Qb5 h5
35.Qe8 g6 36.Nc6 Qd6 37.h4  1/2-1/2

[Event "27th Liechtenstein Open"]
[Site "Triesen LIE"]
[Date "2009.05.23"]
[Round "9"]
[White "Tiemann,C"]
[Black "Lacrosse,M"]
[Result "1-0"]
[WhiteElo "2083"]
[BlackElo "2192"]

1.d4 d5 2.c4 e6 3.Nf3 Nf6 4.Nc3 c6 5.e3 Nbd7 6.Qc2 Bd6 7.g4 h6 8.Rg1 dxc4
9.Bxc4 b5 10.Be2 Bb7 11.e4 Be7 12.Be3 Rc8 13.g5 hxg5 14.Nxg5 b4 15.Na4 Qa5
16.O-O-O c5 17.d5 exd5 18.exd5 c4 19.Bxc4 Rxc4 20.Qxc4 O-O 21.Kb1 Qxa4 22.d6 Bd8
23.Ne6 fxe6 24.Qxe6+ Kh8 25.Rd4 Be4+ 26.Rxe4 Nxe4 27.Qxe4 Qb5 28.Bd4 Bf6
29.Bxf6 Nxf6 30.Qe7 Qf5+ 31.Ka1 Ne8 32.d7 Qxf2 33.dxe8=Q Qxg1+ 34.Qe1  1-0

[Event "Global Chess"]
[Site "Ulan Bator MGL"]
[Date "2009.05.23"]
[Round "9"]
[White "Erkhembayar,D"]
[Black "Khatanbaatar,B"]
[Result "1/2-1/2"]
[WhiteElo "2343"]
[BlackElo "2403"]

1.d4 d5 2.Nf3 Nf6 3.e3 c6 4.c4 e6 5.Nc3 Nbd7 6.Bd3 dxc4 7.Bxc4 b5 8.Bd3 a6
9.O-O c5 10.a4 b4 11.Nb1 Bb7 12.Nbd2 a5 13.Bb5 Be7 14.dxc5 Bxc5 15.Ne5 Qc7
16.Ndf3 Rd8 17.Nxd7 Nxd7 18.Qe2 O-O 19.e4 h6 20.Bd2 Nf6 21.e5 Nd5 22.Rac1 Qb6
23.Qc4 Rc8 24.Qg4 f5 25.exf6 Nxf6 26.Qg6 Be4 27.Qg3 Bd6 28.Qh3 Bf5 29.Qh4 Bc5
30.Rce1 Rcd8 31.Be3 Bxe3 32.Rxe3 Rd6 33.h3 Nd5 34.Re5 Rf6 35.Nd2 Rd8 36.Ne4 Rg6
37.Ng3 Bc2 38.Ne2 Rf8 39.Qd4 Qb7 40.f3 Nc7 41.Bc4 Bxa4 42.Nf4 Rgf6 43.Nxe6 Nxe6
44.Rxe6 Rxe6 45.Bxe6+ Kh8 46.Qc5 Ra8 47.Bd5 Qa7 48.Rc1 Qxc5+ 49.Rxc5 Ra7
50.Rc8+ Kh7 51.Be4+ g6 52.Rb8 Bb3 53.Kf2 Kg7 54.Ke3 Bf7 55.Kd4 Rd7+ 56.Ke5 Re7+
57.Kd4 Rd7+ 58.Ke5 Re7+ 59.Kd4 Rd7+  1/2-1/2

[Event "Doroshkevicha Mem"]
[Site "Belorechensk RUS"]
[Date "2009.05.24"]
[Round "2"]
[White "Hudyakov,S"]
[Black "Papin,V"]
[Result "0-1"]
[WhiteElo "2234"]
[BlackElo "2462"]

1.d4 d5 2.c4 e6 3.Nc3 c6 4.Nf3 Nf6 5.e3 Nbd7 6.Qc2 Bd6 7.b3 O-O 8.Be2 Re8
9.O-O dxc4 10.bxc4 e5 11.Bb2 exd4 12.exd4 Nf8 13.Rad1 Qa5 14.d5 Bb4 15.Nd4 cxd5
16.Nxd5 Nxd5 17.cxd5 Bd7 18.Bc4 Rac8 19.Qd3 Ng6 20.f4 Bd6 21.Bb3 Bg4 22.Rc1 Nxf4
23.Rxc8 Bxc8 24.Qd1 Bd7 25.Kh1 Qa6 26.Bc2 h6 27.Bf5 Ba4 28.Qb1 Be5 29.Re1 Qf6
30.Re4 g6 31.Bg4 Nxd5 32.Qe1 Bxd4 33.Rxe8+ Bxe8 34.Bxd4 Qxd4 35.Qxe8+ Kg7
36.h3 Nf6 37.Qb5 b6 38.Qa6 Nxg4 39.hxg4 Qxg4 40.Qxa7 Qd1+ 41.Kh2 Qd6+ 42.Kh1 h5
43.Qa4 g5 44.Qb5 Qf6 45.Qc4 g4 46.Qd3 Qe5 47.g3 Qa1+ 48.Kg2 Qxa2+ 49.Kg1 Qa1+
50.Kg2 Qe5 51.Kf2 h4 52.gxh4 Qh2+ 53.Ke1 Qxh4+ 54.Kd2 Qf2+ 55.Kc1 Qf4+ 56.Kb1 g3
57.Qc3+ f6 58.Qc6 Kg6 59.Qe8+ Kg5 60.Qg8+ Kh4 61.Qa8 f5 62.Qh8+ Kg4 63.Ka2 Qe3
64.Qg8+ Kh3 65.Qh7+ Kg2 66.Qd7 f4 67.Qc6+ f3 68.Qc2+ Qe2 69.Ka1 Kf1 70.Qh7 g2
71.Qh3 f2 72.Kb1 Kg1  0-1

[Event "VI Moncada Open"]
[Site "Santiago de Cuba CUB"]
[Date "2009.05.24"]
[Round "8"]
[White "Campos Vila,M"]
[Black "Proietti,G"]
[Result "1-0"]
[WhiteElo "2232"]
[BlackElo "1932"]

1.d4 d5 2.c4 e6 3.Nc3 c6 4.e3 Nf6 5.Nf3 Nbd7 6.Bd3 Be7 7.O-O O-O 8.e4 dxe4
9.Nxe4 Nxe4 10.Bxe4 Nf6 11.Bc2 c5 12.dxc5 Qxd1 13.Rxd1 Bxc5 14.Ne5 h6 15.a3 Be7
16.Be3 Rd8 17.Rxd8+ Bxd8 18.Rd1 Be7 19.Ba4 a5 20.Bb6 Ra6 21.Bc7 Kf8 22.Bb5 Ra8
23.b3 g6 24.Bd8 h5 25.h3 Ne4 26.Bxe7+ Kxe7 27.Rd3 Nc5 28.Rf3 f5 29.Nxg6+ Kf6
30.Nf4 h4 31.Re3 Ne4 32.Nd3 Nd6 33.Ba4 b6 34.Ne5 f4 35.Re1 Bb7 36.Nd7+ Kf7
37.Ne5+ Kf6 38.Bc6 Bxc6 39.Nxc6 Re8 40.Ne5 Re7 41.Nf3 Nf5 42.Re5 Rd7 43.Re4 Rd3
44.Rxf4 Rxb3 45.Nxh4 Rxa3 46.Nxf5 exf5 47.g4 Rxh3 48.Rxf5+ Kg6 49.Rb5 Rc3
50.Rxb6+ Kg5 51.Rb5+ Kxg4 52.Rxa5 Rxc4 53.Kg2 Rc2 54.Ra4+ Kg5 55.Kg3 Rc3+
56.f3 Kf5 57.Ra5+ Kf6 58.Kg4 Rc4+ 59.f4 Rc1 60.Ra6+ Kg7 61.Kg5 Rg1+ 62.Kf5 Rf1
63.Ra7+ Kf8 64.Kg5 Rf2 65.f5 Rf1 66.Kf6 Ke8 67.Ra8+ Kd7 68.Rf8 Rg1 69.Kf7 Rg2
70.f6 Rg1 71.Ra8 Rf1 72.Ra6 Rb1 73.Kf8 Rf1 74.f7 Rg1 75.Ra7+ Kd8 76.Ra2 Rd1
77.Rg2 Rd7 78.Kg8  1-0

[Event "Doroshkevicha Mem"]
[Site "Belorechensk RUS"]
[Date "2009.05.25"]
[Round "3"]
[White "Bryzgalin,K"]
[Black "Demianjuk,A"]
[Result "1/2-1/2"]
[WhiteElo "2497"]
[BlackElo "2330"]

1.d4 d5 2.c4 c6 3.Nf3 Nf6 4.e3 e6 5.Nc3 Nbd7 6.Qc2 Bd6 7.b3 O-O 8.Be2 Re8
9.O-O b6 10.Bb2 Bb7 11.Rad1 Qe7 12.Qb1 Rad8 13.Rfe1 c5 14.a4 Rc8 15.Rc1 Ne4
16.Red1  1/2-1/2

[Event "Subic Open"]
[Site "Subic PHI"]
[Date "2009.05.26"]
[Round "3"]
[White "Portogalera,R"]
[Black "Nadera,B"]
[Result "0-1"]
[WhiteElo "2240"]
[BlackElo "2400"]

1.d4 d5 2.c4 e6 3.Nc3 Nf6 4.Nf3 c6 5.e3 Nbd7 6.Bd3 dxc4 7.Bxc4 b5 8.Bd3 Bb7
9.e4 b4 10.Na4 c5 11.e5 Nd5 12.Nxc5 Nxc5 13.dxc5 Bxc5 14.O-O h6 15.Qe2 Qb6
16.Bd2 Rc8 17.Rac1 Ke7 18.Rc4 Rhd8 19.Rg4 Kf8 20.Rg3 Ne7 21.Nh4 Rd4 22.Qh5 Ng8
23.Be3 Rd5 24.Bh7 Nf6 25.exf6 Rxh5 26.Rxg7 Ke8 27.Bg6 fxg6 28.Nxg6 Rf5 29.Bxc5  0-1

[Event "Subic Open"]
[Site "Subic PHI"]
[Date "2009.05.26"]
[Round "3"]
[White "Yu Lie"]
[Black "Villamayor,B"]
[Result "1/2-1/2"]
[WhiteElo "2307"]
[BlackElo "2474"]

1.d4 d5 2.c4 c6 3.Nc3 Nf6 4.Nf3 e6 5.e3 Nbd7 6.Qc2 Bd6 7.b3 O-O 8.Be2 b6
9.Bb2 Bb7 10.O-O Qe7 11.Rad1 Rac8 12.Rfe1 c5 13.cxd5 cxd4 14.Nxd4 Nxd5 15.Nxd5 Bxd5
16.Qb1 Bb4 17.Rf1 Nf6 18.Bf3 Rfd8 19.Nf5 exf5 20.Bxf6 Qxf6 21.Rxd5 Rxd5 22.Bxd5 g6
23.Kh1 Kg7 24.Kg1 Kg8 25.Kh1 Kg7 26.Kg1 Kg8 27.Rd1 Kg7 28.Bf3 Rd8 29.Rxd8 Qxd8
30.Qd1 Qxd1+ 31.Bxd1  1/2-1/2

[Event "Doroshkevicha Mem"]
[Site "Belorechensk RUS"]
[Date "2009.05.27"]
[Round "5"]
[White "Kondenko,A"]
[Black "Tuzhba,K"]
[Result "1-0"]
[WhiteElo "2231"]
[BlackElo "1920"]

1.d4 d5 2.Nf3 Nf6 3.c4 e6 4.Nc3 c6 5.e3 Be7 6.Bd3 O-O 7.O-O Nbd7 8.b3 c5
9.Bb2 cxd4 10.exd4 b6 11.cxd5 exd5 12.Ne5 Bb7 13.Rc1 Nxe5 14.dxe5 Ne4 15.Nb5 Bc5
16.Bd4 Qe7 17.Bxe4 dxe4 18.Bxc5 bxc5 19.Nd6 Ba6 20.Re1 Qxe5 21.Nxe4 c4 22.bxc4 Rfe8
23.Nd6 Qxe1+ 24.Qxe1 Rxe1+ 25.Rxe1 Kf8 26.f3 g6 27.Re3 f5 28.Ra3 Bc8 29.Kf2 Be6
30.Ke3 Ke7 31.c5 a5 32.Kd4 a4 33.f4 Kd7 34.Nc4 Kc6 35.Re3 Bg8 36.a3 Rd8+
37.Nd6 Bd5 38.g3 Be4 39.Rc3 Bd5 40.Rc2 Rb8 41.Re2 Rb3 42.Re8 Bg2 43.Nc4 Rb1
44.Ne5+ Kc7 45.Re7+ Kc8 46.Ra7 Rd1+ 47.Kc3 Rc1+ 48.Kb4  1-0

[Event "Doroshkevicha Mem"]
[Site "Belorechensk RUS"]
[Date "2009.05.27"]
[Round "5"]
[White "Papin,V"]
[Black "Kryakvin,D"]
[Result "1/2-1/2"]
[WhiteElo "2462"]
[BlackElo "2583"]

1.d4 d5 2.c4 c6 3.Nc3 Nf6 4.e3 e6 5.Nf3 Nbd7 6.Qc2 Bd6 7.b3 O-O 8.Be2 b6
9.O-O Bb7 10.Bb2 Qe7 11.Rad1 Rad8 12.Rfe1 a6 13.Bd3 dxc4 14.bxc4 c5 15.d5 Ne5
16.Nxe5  1/2-1/2

[Event "Subic Open"]
[Site "Subic PHI"]
[Date "2009.05.27"]
[Round "4"]
[White "Dao Thien Hai"]
[Black "Nolte,R"]
[Result "1-0"]
[WhiteElo "2546"]
[BlackElo "2479"]

1.d4 d5 2.c4 c6 3.Nf3 Nf6 4.Nc3 e6 5.e3 Nbd7 6.Qc2 Bd6 7.Be2 O-O 8.O-O dxc4
9.Bxc4 a6 10.Rd1 b5 11.Be2 Qc7 12.e4 e5 13.h3 Bb7 14.dxe5 Nxe5 15.Bg5 Nxf3+
16.Bxf3 Qe7 17.Be3 Rac8 18.Rac1 Rfd8 19.a3 Qe5 20.g3 Qe6 21.Bg2 c5 22.Bg5 Be5
23.Nd5 Bxd5 24.exd5 Qd6 25.f4 Bd4+ 26.Rxd4 cxd4 27.Qxc8 d3 28.Qc3 Qb6+ 29.Kh2 Qe3
30.Bxf6 gxf6 31.Rd1  1-0

[Event "ch-CHN"]
[Site "Xinghua Jiangsu CHN"]
[Date "2009.05.27"]
[Round "2"]
[White "Bu Xiangzhi"]
[Black "Liang Chong"]
[Result "1-0"]
[WhiteElo "2704"]
[BlackElo "2511"]

1.c4 e6 2.Nc3 d5 3.d4 c6 4.e3 Nf6 5.Nf3 Nbd7 6.Qc2 Bd6 7.Be2 O-O 8.O-O e5
9.cxd5 cxd5 10.dxe5 Nxe5 11.Bd2 Bg4 12.Nxe5 Bxe5 13.Bxg4 Nxg4 14.h3 Nf6 15.Rfd1 Rc8
16.Qb3 Qd7 17.Be1 Rfd8 18.Rd3 Rc6 19.Rad1 Rb6 20.Qc2 h6 21.Nxd5 Nxd5 22.Rxd5 Qxd5
23.Rxd5 Rxd5 24.Qc8+ Kh7 25.Qf5+ Rg6 26.Kf1 Kg8 27.f4 Rgd6 28.e4  1-0

[Event "ch-CHN"]
[Site "Xinghua Jiangsu CHN"]
[Date "2009.05.27"]
[Round "2"]
[White "Li Shilong"]
[Black "Zhou Weiqi"]
[Result "0-1"]
[WhiteElo "2557"]
[BlackElo "2563"]

1.d4 d5 2.c4 c6 3.Nf3 Nf6 4.Nc3 e6 5.e3 Nbd7 6.Bd3 dxc4 7.Bxc4 b5 8.Bd3 Bd6
9.O-O O-O 10.b3 Bb7 11.Bb2 b4 12.Ne4 Nxe4 13.Bxe4 Nf6 14.Bd3 c5 15.dxc5 Bxc5
16.Qe2 Qe7 17.Rac1 Rac8 18.Bxf6 gxf6 19.Ba6 Bb6 20.Bxb7 Qxb7 21.Nd2 Rxc1
22.Rxc1 f5 23.g3 Rd8 24.Nc4 Bc5 25.Qh5 Qe7 26.Rd1 Rd5 27.Qf3 Rxd1+ 28.Qxd1 Qc7
29.Kf1 Kg7 30.Qa1+ f6 31.Qd1 Be7 32.Qd4 Bc5 33.Qd3 Be7 34.Ke2 Kf7 35.h3 Kg7
36.g4 fxg4 37.hxg4 Qc6 38.Qd4 Qg2 39.Na5 Kf7 40.Qc4 Bd6 41.Nc6 Bg3 42.Nd8+ Kg6
43.Qc2+ Kg5 44.Nxe6+ Kxg4 45.Qc4+ Kh3 46.Nf4+ Bxf4 47.exf4 Qg4+ 48.Ke3 Qf5
49.Qxb4 Qe6+ 50.Kf3 Qc6+ 51.Ke3 Kg2 52.a4 h5 53.Kd3 h4 54.f5 Qf3+ 55.Kd2 h3
56.Qc4 h2 57.Qg8+ Kxf2 58.Qh7 Qd5+ 59.Kc3 h1=Q 60.Qxa7+ Kf3  0-1

[Event "Doroshkevicha Mem"]
[Site "Belorechensk RUS"]
[Date "2009.05.28"]
[Round "6"]
[White "Demianjuk,A"]
[Black "Papin,V"]
[Result "1/2-1/2"]
[WhiteElo "2330"]
[BlackElo "2462"]

1.d4 d5 2.c4 e6 3.Nc3 c6 4.e3 Nf6 5.Nf3 Nbd7 6.Bd3 dxc4 7.Bxc4 b5 8.Bd3 Bd6
9.Qc2 Bb7 10.O-O O-O 11.a3 a5 12.Ng5 Bxh2+ 13.Kxh2 Ng4+ 14.Kg1 Qxg5 15.f3 Ngf6
16.e4 Qh4 17.Ne2 Rfc8 18.Be3 Ne8 19.Rac1 Qe7 20.Kf2 e5 21.Rh1 Ba6 22.dxe5 Nxe5
23.Nf4 Rd8 24.Rcd1 Rd7 25.Be2 Nd6 26.Bc5 g6 27.Nd3 Nxd3+ 28.Bxd3 Qe6 29.Qc1 Nb7
30.Rxh7 Kxh7 31.Rh1+ Kg7 32.Qh6+ Kf6 33.Qh4+ Kg7 34.Qh7+  1/2-1/2

[Event "TOP 16 Poule Haute"]
[Site "Le Port Marly FRA"]
[Date "2009.05.28"]
[Round "8"]
[White "Fressinet,L"]
[Black "Sebag,M"]
[Result "1/2-1/2"]
[WhiteElo "2664"]
[BlackElo "2527"]

1.d4 d5 2.c4 c6 3.Nf3 Nf6 4.Nc3 e6 5.e3 Nbd7 6.Qc2 Bd6 7.Bd3 O-O 8.O-O dxc4
9.Bxc4 a6 10.a4 c5 11.dxc5 Bxc5 12.Ne4 Be7 13.Nxf6+ Nxf6 14.e4 Qc7 15.e5 Nd7
16.Qe4 Rd8 17.Be3 Qc6 18.Qg4 Nb6 19.Bb3 Nd5 20.Bh6 Bf8 21.Bg5 Re8 22.a5 b5
23.Rfd1 Bb7 24.Bxd5 exd5 25.Rac1 Qg6 26.Rc7 Bc8 27.Qg3 Be6 28.Be3 Qe4 29.Ng5 Qf5
30.Nxe6 Qxe6 31.Qf3 Bb4 32.Rxd5 Bxa5 33.Rb7 Rad8 34.Rd6 Qxe5 35.Qxf7+ Kh8
36.Rxd8 Bxd8 37.Rb8 Qe4 38.g3 Qb1+ 39.Kg2 Qe4+ 40.Kh3 h5 41.Qxh5+ Kg8 42.Bg5 Qe6+
43.Qg4 Qd6 44.Rc8 Rf8 45.Be3 Be7 46.Bd4 Qh6+ 47.Kg2 Rxc8 48.Qxc8+ Kf7 49.Qf5+ Ke8
50.Qc8+ Kf7 51.Qf5+ Ke8 52.Qd5 g5 53.Qe4 Kd7 54.h3 Qe6 55.Qxe6+ Kxe6 56.Kf3 a5
57.Ke4 a4 58.f4 gxf4 59.gxf4  1/2-1/2

[Event "TOP 16 Poule Haute"]
[Site "Le Port Marly FRA"]
[Date "2009.05.28"]
[Round "8"]
[White "Kazhgaleyev,M"]
[Black "Adla,D"]
[Result "1-0"]
[WhiteElo "2626"]
[BlackElo "2508"]

1.d4 d5 2.c4 c6 3.Nc3 Nf6 4.Nf3 e6 5.e3 Nbd7 6.Bd3 dxc4 7.Bxc4 b5 8.Bd3 Bd6
9.O-O O-O 10.Ne2 Bb7 11.Ng3 e5 12.Qc2 g6 13.b3 c5 14.dxc5 Nxc5 15.Bxb5 e4
16.Nd4 Ng4 17.Be2 Ne5 18.Ba3 Rc8 19.Qd2 Qf6 20.Nb5 Bb8 21.Bxc5 Rxc5 22.Rad1 h5
23.Qd4 Rc2 24.Rfe1 a6 25.Na3 Rxa2 26.Nb1 Ng4 27.Qxf6 Nxf6 28.Nc3 Rc2 29.Rc1 Rxc1
30.Rxc1 Rc8 31.Bc4 Kg7 32.Rd1 Be5 33.Nge2 Kf8 34.g3 Ke7 35.h4 Rc7 36.Ra1 Rc6
37.Ra5 Bc7 38.Ra2 Be5 39.Kf1 Rc5 40.Nd4 Bc7 41.Kg2 Be5 42.Nce2 a5 43.Nb5 Bd5
44.Rxa5 Bxc4 45.bxc4 Nd7 46.Ra4 Nb6 47.Ra7+ Kf8 48.Na3 Nxc4 49.Nxc4 Rxc4
50.Ra5 Bc7 51.Rb5 Ke7 52.Nd4 Kf6 53.Nb3 Be5 54.Kh3 Rc2 55.Nc5 Kf5 56.f3 Rb2
57.Ra5 Bc3 58.g4+  1-0

[Event "TOP 16 Poule Basse"]
[Site "Le Port Marly FRA"]
[Date "2009.05.28"]
[Round "8"]
[White "Giffard,N"]
[Black "Forestier,F"]
[Result "0-1"]
[WhiteElo "2377"]
[BlackElo "2164"]

1.Nf3 Nf6 2.c4 c6 3.Nc3 d5 4.e3 e6 5.d4 Nbd7 6.Bd3 Bd6 7.e4 dxe4 8.Bxe4 h6
9.Bc2 O-O 10.O-O e5 11.h3 exd4 12.Qxd4 Qc7 13.Ne4 Be7 14.Be3 Nxe4 15.Qxe4 Nf6
16.Qd3 Rd8 17.Qc3 c5 18.Rad1 Be6 19.b3 Nh5 20.Rxd8+ Rxd8 21.Rd1 Bf6 22.Rxd8+ Qxd8
23.Qd3 Qxd3 24.Bxd3 Be7 25.Nd2 f5 26.Nb1 f4 27.Bd2 g5 28.Be4 b6 29.Nc3 Nf6
30.Bc6 Bf5 31.Kf1 Kf7 32.Ke2 Ke6 33.Bb7 Kd7 34.Nb5 a5 35.Nc3 Bd6 36.Kd1 Be5
37.Kc1 Bd4 38.Be1 g4 39.hxg4 Nxg4 40.Ne2 Bxf2 41.Bxf2 Nxf2 42.Nxf4 Nd3+ 43.Nxd3 Bxd3
44.Kd2 Bb1 45.a3 Kd6 46.Kc3 Ke5 47.g3 Kf5 48.Bf3 Be4 49.Bd1 Bg2 50.b4 axb4+
51.axb4 Ke4 52.bxc5 bxc5 53.Kb3 Bf1 54.Bh5 Ke3 55.Bf7 Kd3 56.Bg8 Be2 57.Bf7 Bd1+
58.Kb2 Ke3 59.Ka3 Kf2 60.g4 Kf3  0-1

[Event "Subic Open"]
[Site "Subic PHI"]
[Date "2009.05.28"]
[Round "6"]
[White "Li Panru"]
[Black "Batchuluun,T"]
[Result "1-0"]
[WhiteElo "2146"]
[BlackElo "2391"]

1.d4 d5 2.c4 c6 3.Nf3 Nf6 4.e3 e6 5.Nc3 Nbd7 6.Bd3 dxc4 7.Bxc4 b5 8.Bd3 a6
9.e4 c5 10.O-O cxd4 11.Nxd4 Bb7 12.Re1 Nc5 13.Bc2 Be7 14.a3 Qc7 15.e5 Nd5
16.Nxd5 Bxd5 17.Qg4 Kf8 18.Bd2 Rd8 19.Rac1 Qb7 20.Ba5 Rc8 21.Qg3 g6 22.h4 h5
23.Bd2 Kg7 24.Bg5 Bxg5 25.Qxg5 Rhe8 26.Ne2 Qe7 27.Qf4 Nd7 28.Nc3 Rc4 29.Qd2 Nb6
30.Nxd5 Nxd5 31.g3 Rd8 32.Rcd1 Rg4 33.Kf1 Rc4 34.Bb3 Rcc8 35.Qa5 Qb7 36.Kg1 Qb6
37.Qxb6 Nxb6 38.Kf1 a5 39.Rxd8 Rxd8 40.Rd1 Rc8 41.Ke2 Rc5 42.f4 b4 43.axb4 Rb5
44.Rd4 axb4 45.Kd3 Nc8 46.Rd7 Rb6 47.Rc7 Rb8 48.Bxe6 Nb6 49.Bxf7 Rd8+ 50.Kc2 Rd7
51.Rc6 Nd5 52.Bxd5 Rxd5 53.Rc4 Rb5 54.Kb3 Rb7 55.Rd4  1-0

[Event "Subic Open"]
[Site "Subic PHI"]
[Date "2009.05.28"]
[Round "6"]
[White "Mohota,N"]
[Black "Tirto"]
[Result "1-0"]
[WhiteElo "2304"]
[BlackElo "2417"]

1.d4 d5 2.c4 c6 3.Nc3 Nf6 4.e3 e6 5.Nf3 Nbd7 6.Bd3 dxc4 7.Bxc4 b5 8.Bd3 a6
9.e4 c5 10.d5 Qc7 11.dxe6 fxe6 12.O-O c4 13.Bc2 Bb7 14.Ng5 Nc5 15.Be3 Qc6
16.Qe2 Be7 17.f3 Nfd7 18.e5 Nxe5 19.Bxh7 O-O-O 20.Be4 Nxe4 21.Ncxe4 Rd3 22.Rac1 Rhd8
23.Rc2 R3d7 24.Kh1 Rc7 25.Bf4 Bf6 26.Nxf6 gxf6 27.Bxe5 fxe5 28.Qxe5 Rd6 29.Re2 Re7
30.Rfe1 Qd7 31.h4 Rd5 32.Qh8+ Re8 33.Qf6 Rd6 34.Rxe6 Rexe6 35.Nxe6 Qe8 36.Qe5 Rd7
37.Kh2 Rh7 38.Rd1 Re7 39.Qc5+  1-0